| 000 | 00313nam a2200121Ia 4500 | ||
|---|---|---|---|
| 008 | 230907s9999||||xx |||||||||||||| ||und|| | ||
| 082 | _a621.51,CUM | ||
| 100 |
_aCumpsty, N. A. _9115318 |
||
| 245 | 0 | _aCompressor aerodynamics | |
| 260 |
_aKrieger Pub., _bMalabar, Fla. : _c2004 |
||
| 300 | _a517 p. : | ||
| 942 | _cBK | ||
| 999 |
_c598088 _d598088 |
||